|
|
|
|
| LEADER |
01495nam a2200385 a 4500 |
| 001 |
000079366 |
| 003 |
CZ BrMZK |
| 005 |
20160511132628.0 |
| 008 |
960713s1996 gw f ger d |
| 040 |
|
|
|a BOA001
|b cze
|
| 043 |
|
|
|a e-gx---
|
| 045 |
|
|
|a x-x-
|
| 072 |
|
7 |
|a 32
|x Politika
|2 Konspekt
|9 15
|
| 080 |
|
|
|a 32-051
|2 MRF
|
| 080 |
|
|
|a 929
|2 MRF
|
| 080 |
|
|
|a 32.019.5:329.17
|2 MRF
|
| 080 |
|
|
|a 355.48(100)"1939/1945"
|2 MRF
|
| 080 |
|
|
|a 328/329
|2 MRF
|
| 080 |
|
|
|a (430)
|2 MRF
|
| 080 |
|
|
|a (043.3)
|2 MRF
|
| 100 |
1 |
|
|a Müller-Rytlewski, Maria-Helene,
|d 1956-
|7 jn19981001880
|4 aut
|
| 245 |
1 |
4 |
|a Der verlängerte Krieg :
|b Hitlers propagandisches Wirken in einer historisch desorientierten und sozial fragmentierten Gesellschaft /
|c vorgelegt von Marie-Helene Müller-Rytlewski.
|
| 260 |
|
|
|a München :
|b Ludwig-Maximilians-Universität,
|c 1996
|
| 300 |
|
|
|a 278 s. ;
|c 21 cm
|
| 500 |
|
|
|a Disertace(Dr.philos.)-Ludwig-Maximilians-Universität, München, 1996. - Bibliogr.
|
| 541 |
|
|
|a München, Universitätsbibliothek
|
| 600 |
1 |
7 |
|a Hitler, Adolf,
|d 1889-1945
|7 jn19990003541
|2 czenas
|
| 648 |
|
7 |
|a 20. století
|7 ch460558
|2 czenas
|
| 650 |
0 |
7 |
|a politici
|7 ph115781
|z Německo
|y 20. století
|2 czenas
|
| 650 |
0 |
7 |
|a nacistická propaganda
|7 ph136590
|z Německo
|2 czenas
|
| 650 |
0 |
7 |
|a druhá světová válka (1939-1945)
|7 ph117270
|2 czenas
|
| 651 |
|
7 |
|a Německo
|7 ge135889
|x politika a vláda
|y 1939/1945
|2 czenas
|
| 655 |
|
7 |
|a disertace
|7 fd132024
|2 czenas
|
| 910 |
|
|
|a BOA001
|b M2-1022.312
|
| 990 |
|
|
|a BK
|